Nuclear weapons : (Record no. 186307)
[ view plain ]
| 000 -LEADER | |
|---|---|
| fixed length control field | 01168 a2200241 4500 |
| 003 - CONTROL NUMBER IDENTIFIER | |
| control field | NUST |
| 005 - DATE AND TIME OF LATEST TRANSACTION | |
| control field | 20221229161325.0 |
| 010 ## - LIBRARY OF CONGRESS CONTROL NUMBER | |
| LC control number | 93040208 |
| 020 ## - INTERNATIONAL STANDARD BOOK NUMBER | |
| International Standard Book Number | 0080409911 : |
| 020 ## - INTERNATIONAL STANDARD BOOK NUMBER | |
| International Standard Book Number | 008040992X (flexicover) : |
| 040 ## - CATALOGING SOURCE | |
| Transcribing agency | Nust |
| 082 00 - DEWEY DECIMAL CLASSIFICATION NUMBER | |
| Classification number | 355.84,GRA |
| 100 1# - MAIN ENTRY--PERSONAL NAME | |
| Personal name | Grace, Charles C. |
| 9 (RLIN) | 106423 |
| 245 10 - TITLE STATEMENT | |
| Title | Nuclear weapons : |
| Remainder of title | principles, effects, and survivability (Vol-10) / |
| Statement of responsibility, etc. | Charles C. Grace. |
| 250 ## - EDITION STATEMENT | |
| Edition statement | 1st English ed. |
| 260 ## - PUBLICATION, DISTRIBUTION, ETC. | |
| Place of publication, distribution, etc. | London ; |
| -- | New York : |
| Name of publisher, distributor, etc. | Brassey's (UK) ; |
| Place of publication, distribution, etc. | New York : |
| Name of publisher, distributor, etc. | Distributed in North America to booksellers and wholesalers by Macmillan Pub. Co., |
| Date of publication, distribution, etc. | 1994. |
| 300 ## - PHYSICAL DESCRIPTION | |
| Extent | xii, 146 p. : |
| Other physical details | ill. ; |
| Dimensions | 26 cm. |
| 440 #0 - SERIES STATEMENT/ADDED ENTRY--TITLE | |
| Title | Land warfare ; |
| Volume/sequential designation | v. 10 |
| 9 (RLIN) | 102996 |
| 505 ## - FORMATTED CONTENTS NOTE | |
| Formatted contents note | Introduction (Page-1), Nuclear Fundamentals (Page-3), Nuclear Weapon Principles (Page-14), Nuclear Weapon Outputs (Page-25), Thermal Radiation and Effects (Page-36), Blast and Effects (Page-47), Nuclear Radiation and Effects (Page-64), Electromagnetic (Page-91), Nuclear Survivability (Page-106), Vulnerability Assessment (Page-116). |
| 650 #0 - SUBJECT ADDED ENTRY--TOPICAL TERM | |
| Topical term or geographic name entry element | Nuclear warfare |
| General subdivision | Environmental aspects. |
| 9 (RLIN) | 106424 |
| 650 #0 - SUBJECT ADDED ENTRY--TOPICAL TERM | |
| Topical term or geographic name entry element | Nuclear weapons. |
| 9 (RLIN) | 13005 |
| 942 ## - ADDED ENTRY ELEMENTS (KOHA) | |
| Source of classification or shelving scheme | |
| Koha item type | Book |
| Call number prefix | 355.84,GRA |
| Withdrawn status | Lost status | Source of classification or shelving scheme | Damaged status | Not for loan | Permanent Location | Current Location | Shelving location | Date acquired | Full call number | Barcode | Date last seen | Price effective from | Koha item type | Public note |
|---|---|---|---|---|---|---|---|---|---|---|---|---|---|---|
| Military College of Signals (MCS) | Military College of Signals (MCS) | General Stacks | 12/12/2016 | 355.84,GRA | MCS21430 | 12/08/2016 | 12/12/2016 | Book | Almirah No.53, Shelf No.4 |
